[Event "2nd Longtou Cup 2019"]
[Site "Qinhuangdao CHN"]
[Date "2019.04.18"]
[Round "3.14"]
[White "Sun, Chao"]
[Black "Wu, Wenjin"]
[Result "1/2-1/2"]
[BlackTitle "GM"]
[WhiteElo "2063"]
[BlackElo "2345"]
[WhiteFideId "8622990"]
[BlackFideId "8600716"]
[EventDate "2019.04.16"]

1. Nf3 d5 2. c4 e6 3. g3 Nf6 4. Bg2 c5 5. cxd5 Nxd5 6. b3 Be7 7. Bb2 Bf6 8. Qc1
Nc6 9. O-O b6 10. Nc3 O-O 11. Nxd5 exd5 12. d4 Ba6 13. Re1 Nxd4 14. Nxd4 cxd4
15. Qd2 Re8 16. Bxd4 Bxe2 17. Rxe2 Rxe2 18. Qxe2 Bxd4 19. Rd1 Qf6 20. Bxd5 Rd8
21. Qf3 1/2-1/2

[Event "2nd Longtou Cup 2019"]
[Site "Qinhuangdao CHN"]
[Date "2019.04.18"]
[Round "3.15"]
[White "Hu, Yu A."]
[Black "Wu, huanghui"]
[Result "1-0"]
[WhiteElo "2051"]
[BlackElo "2217"]
[WhiteFideId "8609993"]
[BlackFideId "8623929"]
[EventDate "2019.04.16"]

1. e4 e5 2. Nf3 Nc6 3. Bb5 a6 4. Ba4 Nf6 5. d3 b5 6. Bb3 Bc5 7. Nc3 h6 8. Nd5 d6
9. c3 Rb8 10. h3 Nxd5 11. Bxd5 Ne7 12. Bb3 O-O 13. O-O Ng6 14. d4 Bb6 15. a4 c5
16. axb5 axb5 17. Bd5 exd4 18. cxd4 Bb7 19. Qb3 Qe8 20. Bxb7 Rxb7 21. Qd5 Qb8
22. Be3 Ne7 23. Qh5 f5 24. dxc5 dxc5 25. exf5 Nxf5 26. Bd2 Qe8 27. Qg4 h5 28.
Qg5 Bd8 29. Qf4 Nd4 30. Qe3 Nxf3+ 31. gxf3 Re7 32. Qxc5 Re5 33. Qc3 Qg6+ 34. Kh2
Ref5 35. f4 Bf6 36. Qb3+ Kh8 37. Rg1 Qe8 38. Rae1 Qd7 39. Bb4 Rc8 40. Rd1 Qa7
41. Bd6 Rc4 42. Qd3 Qd7 43. Qe2 Qc8 44. Rd2 b4 45. b3 Rc3 46. Rg3 h4 47. Re3 Qb7
48. Re8+ Kh7 49. Qg4 Rd5 50. f5 Qf7 51. Qg6+ Qxg6 52. fxg6+ Kxg6 53. Rxd5 Rxb3
54. Rb8 Bc3 55. Kg2 Rb2 56. Be5 1-0

[Event "2nd Longtou Cup 2019"]
[Site "Qinhuangdao CHN"]
[Date "2019.04.18"]
[Round "3.16"]
[White "Zhang, Xiao"]
[Black "Lu, Shanglei"]
[Result "0-1"]
[BlackTitle "GM"]
[WhiteElo "2141"]
[BlackElo "2625"]
[WhiteFideId "8610894"]
[BlackFideId "8603332"]
[EventDate "2019.04.16"]

1. d4 f5 2. Nf3 Nf6 3. g3 g6 4. Bg2 Bg7 5. O-O O-O 6. c4 d6 7. Nc3 c6 8. d5 e5
9. dxe6 Bxe6 10. Qb3 b5 11. Nd2 a6 12. Rd1 Qc7 13. a4 bxc4 14. Nxc4 Qf7 15. Rd4
Ne4 16. Nxe4 fxe4 0-1

[Event "2nd Longtou Cup 2019"]
[Site "Qinhuangdao CHN"]
[Date "2019.04.18"]
[Round "3.17"]
[White "Ankhchimeg, Bayanmunkh"]
[Black "Mikhalev, Dmitry"]
[Result "0-1"]
[WhiteTitle "WIM"]
[BlackTitle "FM"]
[WhiteElo "2120"]
[BlackElo "2360"]
[WhiteFideId "4900600"]
[BlackFideId "4183134"]
[EventDate "2019.04.16"]

1. e4 c6 2. d4 d5 3. Nc3 dxe4 4. Nxe4 Nf6 5. Ng5 h6 6. N5f3 Bf5 7. Ne5 e6 8.
Ngf3 Nbd7 9. Bd3 Nxe5 10. dxe5 Bxd3 11. cxd3 Nd5 12. O-O Be7 13. Nd2 Nb4 14. Qg4
g6 15. Ne4 Qxd3 16. Rd1 h5 17. Rxd3 hxg4 18. Rg3 Rh5 19. Nf6+ Bxf6 20. exf6
O-O-O 21. Be3 Rdh8 22. Kf1 Rxh2 23. Ke2 Nd5 24. Rxg4 R8h4 25. Rg3 a6 26. Rd1 Kd7
27. a3 e5 28. Bg5 Rc4 29. Rb3 b5 30. Kf3 Ke6 31. Ra1 Kf5 32. Be3 Kxf6 33. g3 Kf5
34. Bd2 e4+ 35. Ke2 Ke6 36. Rc1 Rxc1 37. Bxc1 c5 38. g4 Rh1 39. Bd2 Rb1 40. Rh3
Rxb2 41. Rh8 c4 42. Kd1 c3 0-1

[Event "2nd Longtou Cup 2019"]
[Site "Qinhuangdao CHN"]
[Date "2019.04.18"]
[Round "3.18"]
[White "Huang, Renjie"]
[Black "Chen, KaiLin"]
[Result "1/2-1/2"]
[WhiteElo "2338"]
[BlackElo "2073"]
[WhiteFideId "8610134"]
[BlackFideId "8620954"]
[EventDate "2019.04.16"]

1. e4 e6 2. d3 d5 3. Nd2 c5 4. g3 Bd6 5. Bg2 Ne7 6. f4 O-O 7. Ne2 Nbc6 8. O-O f6
9. c3 d4 10. Nf3 e5 11. f5 Kh8 12. g4 Bd7 13. g5 Ng8 14. h4 Qc7 15. c4 a6 16.
Ng3 b5 17. b3 Rfb8 18. Kh1 Qd8 19. Bh3 Bf8 20. Rg1 Qe7 21. h5 fxg5 22. Bxg5 Qd6
23. Nh4 Be7 24. f6 Bxf6 25. Ngf5 Bxf5 26. Nxf5 Qf8 27. Bxf6 Qxf6 28. Rxg7 Nge7
29. Rg2 Nxf5 30. Bxf5 bxc4 31. bxc4 Rg8 32. Qf3 Rxg2 33. Kxg2 Rg8+ 34. Kh3 Nd8
35. Rf1 Nf7 36. Kh2 Ng5 37. Qg4 Qb6 38. Rg1 h6 39. Rg2 Qb1 40. Qg3 Qb8 41. Qf2
Qd6 42. Qg3 Rb8 43. Rf2 Rf8 44. Kg2 Qb8 45. Kh2 Qd6 46. Qg2 Kg8 47. Kh1 Qc7 48.
Kg1 Qd6 49. Kf1 Rb8 50. Rb2 Rb6 51. Qh2 Kf8 52. Rf2 Kg7 53. Bg6 Qe7 54. Qg3 Rf6
55. Bf5 Rb6 56. Kg2 Rb8 57. Bg6 Rf8 58. Rb2 Qc7 59. Qg4 Kh8 60. a4 1/2-1/2

[Event "2nd Longtou Cup 2019"]
[Site "Qinhuangdao CHN"]
[Date "2019.04.18"]
[Round "3.19"]
[White "Bai, Xue"]
[Black "Gu, Tianlu"]
[Result "0-1"]
[BlackTitle "WIM"]
[WhiteElo "2103"]
[BlackElo "2201"]
[WhiteFideId "8608717"]
[BlackFideId "8603995"]
[EventDate "2019.04.16"]

1. e4 c5 2. Nf3 Nc6 3. Bb5 g6 4. Bxc6 bxc6 5. O-O Bg7 6. Re1 Nf6 7. e5 Nd5 8. c4
Nc7 9. d4 cxd4 10. Qxd4 O-O 11. Nc3 Ne6 12. Qh4 f6 13. exf6 exf6 14. b3 Qc7 15.
Ba3 Rf7 16. Rad1 Qa5 17. Na4 Ba6 18. Qe4 Re8 19. Qc2 Bf8 20. Bb2 d5 21. Bc3 Qd8
22. cxd5 cxd5 23. Qd2 Bb7 24. Bb4 Bxb4 25. Qxb4 Ree7 26. Re3 a5 27. Qd2 d4 28.
Ree1 Bxf3 29. gxf3 Qd5 30. Kg2 Qf5 31. Rxe6 Qxe6 32. Qxa5 Qe5 33. Qd8+ Re8 34.
Qxd4 Qg5+ 35. Qg4 Qxg4+ 36. fxg4 Re2 37. Nc3 Rc2 38. Rd3 h6 39. h4 g5 40. Rf3 f5
41. hxg5 fxg4 42. Rxf7 Kxf7 43. Nd5 h5 44. a4 Kg6 45. a5 Ra2 46. b4 h4 47. Nc3
Ra3 48. Ne4 Ra4 49. Nc5 Rxb4 50. a6 Rb2 0-1

[Event "2nd Longtou Cup 2019"]
[Site "Qinhuangdao CHN"]
[Date "2019.04.18"]
[Round "3.20"]
[White "Li, Haoyu B."]
[Black "Zhang, Lanlin"]
[Result "1-0"]
[WhiteElo "2095"]
[BlackElo "2192"]
[WhiteFideId "8610169"]
[BlackFideId "8608032"]
[EventDate "2019.04.16"]

1. e4 e5 2. Bc4 Nf6 3. d3 c6 4. Nf3 d5 5. Bb3 Bb4+ 6. Bd2 Bxd2+ 7. Qxd2 Qd6 8.
h3 O-O 9. Nc3 Nbd7 10. O-O a6 11. Rfe1 b5 12. a3 d4 13. Ne2 c5 14. Ng3 Nb6 15.
Nh4 Ne8 16. Nhf5 Bxf5 17. Nxf5 Qf6 18. a4 Nd6 19. a5 Nxf5 20. exf5 Nd7 21. Bd5
Rab8 22. g4 Qd6 23. Bg2 c4 24. Rab1 Rfc8 25. b4 cxb3 26. Rxb3 Nc5 27. Qb4 Qc7
28. Ra3 Na4 29. Bd5 Nc3 30. Bg2 Qc5 31. Rb3 f6 32. Kf1 h6 33. f4 Kf7 34. h4 Rc7
35. Bf3 Ke8 36. fxe5 fxe5 37. Kg2 Kd7 38. Qxc5 Rxc5 39. Kg3 Kd6 40. g5 hxg5 41.
hxg5 Rf8 42. Kg4 Nd5 43. Bxd5 Kxd5 44. Rb2 Rh8 45. Rf1 Rc6 46. g6 Rh6 47. Kg5
Rh2 48. c4+ bxc4 49. dxc4+ Rxc4 50. Rxh2 e4 51. f6 gxf6+ 52. Rxf6 d3 53. g7 e3
54. g8=Q+ Kc5 55. Rc6+ 1-0

[Event "2nd Longtou Cup 2019"]
[Site "Qinhuangdao CHN"]
[Date "2019.04.18"]
[Round "3.21"]
[White "Khvostikov, Sergey"]
[Black "Buynitskiy, Daniil"]
[Result "1/2-1/2"]
[WhiteElo "2192"]
[BlackElo "2095"]
[WhiteFideId "4192583"]
[BlackFideId "24207721"]
[EventDate "2019.04.16"]

1. d4 Nf6 2. c4 c5 3. d5 e6 4. Nc3 exd5 5. cxd5 d6 6. Nf3 g6 7. Nd2 Bg7 8. e4 a6
9. a4 O-O 10. Bd3 Nbd7 11. O-O Ne5 12. Bc2 g5 13. Nf3 Nxf3+ 14. Qxf3 Ng4 15. Qg3
h5 16. h3 h4 17. Qf3 Ne5 18. Qh5 g4 19. Kh2 gxh3 20. gxh3 Qd7 21. Qf5 Qe7 22.
Qf4 Qd7 23. Qe3 Nc4 24. Qd3 Ne5 25. Qe3 Nc4 26. Qd3 Ne5 27. Qe3 Nc4 1/2-1/2

[Event "2nd Longtou Cup 2019"]
[Site "Qinhuangdao CHN"]
[Date "2019.04.18"]
[Round "3.22"]
[White "Kirienko, Vladimir"]
[Black "Elgendy, Hesham"]
[Result "1-0"]
[WhiteElo "2100"]
[BlackElo "2049"]
[WhiteFideId "54197457"]
[BlackFideId "10600736"]
[EventDate "2019.04.16"]

1. d4 d5 2. c4 c6 3. Nc3 Nf6 4. Nf3 e6 5. e3 Be7 6. Bd3 dxc4 7. Bxc4 O-O 8. O-O
b5 9. Bd3 Bb7 10. e4 b4 11. Na4 Nbd7 12. Bg5 h6 13. Bh4 Rc8 14. Rc1 Nh7 15. Bxe7
Qxe7 16. Nc5 Nxc5 17. dxc5 Rfd8 18. Qe2 Nf8 19. Qe3 e5 20. Be2 a5 21. a3 Rb8 22.
axb4 axb4 23. Rfd1 Rxd1+ 24. Rxd1 Nd7 25. Rc1 Qd8 26. Bc4 Qa5 27. Nh4 Ba6 28.
Bxa6 Qxa6 29. Nf5 Rb5 30. Rd1 Nxc5 31. Qg3 g6 32. Qxe5 gxf5 33. Rd8+ Kh7 34.
Rh8+ Kg6 35. Qxf5+ Kg7 36. Rh7+ 1-0

[Event "2nd Longtou Cup 2019"]
[Site "Qinhuangdao CHN"]
[Date "2019.04.19"]
[Round "4.1"]
[White "Dai, Changren"]
[Black "Oparin, Grigoriy"]
[Result "1/2-1/2"]
[WhiteTitle "IM"]
[BlackTitle "GM"]
[WhiteElo "2472"]
[BlackElo "2624"]
[WhiteFideId "8608156"]
[BlackFideId "24125890"]
[EventDate "2019.04.16"]

1. e4 c6 2. d4 d5 3. e5 c5 4. dxc5 e6 5. Nf3 Bxc5 6. Bd3 Ne7 7. a3 Ng6 8. b4 Be7
9. O-O O-O 10. Re1 Nd7 11. Bb2 a5 12. b5 a4 13. c4 dxc4 14. Bxc4 b6 15. Nbd2 Bb7
16. Bf1 Nc5 17. Nc4 Qc7 18. Nd4 Rad8 19. Qc2 Rd7 20. Qc3 Ne4 21. Qc2 Nc5 22. Qc3
Ne4 23. Qc2 Nc5 1/2-1/2

[Event "2nd Longtou Cup 2019"]
[Site "Qinhuangdao CHN"]
[Date "2019.04.19"]
[Round "4.5"]
[White "Zvjaginsev, Vadim"]
[Black "Zou, Chen"]
[Result "1/2-1/2"]
[WhiteTitle "GM"]
[BlackTitle "FM"]
[WhiteElo "2641"]
[BlackElo "2397"]
[WhiteFideId "4113403"]
[BlackFideId "8610959"]
[EventDate "2019.04.16"]

1. e4 e5 2. Nf3 Nc6 3. Nc3 Nf6 4. Be2 Bb4 5. a3 Bxc3 6. dxc3 Nxe4 7. Nxe5 Nxe5
8. Qd5 O-O 9. Qxe4 Re8 10. O-O d5 11. Qd4 Bf5 12. Bd1 Nc6 13. Qf4 Qd7 14. Be3
Re4 15. Qg3 Re6 16. Qf4 Re4 17. Qg3 Re6 18. Qf4 Re4 19. Qg3 Re6 20. Qf4 Re4 21.
Qg3 1/2-1/2

[Event "2nd Longtou Cup 2019"]
[Site "Qinhuangdao CHN"]
[Date "2019.04.19"]
[Round "4.6"]
[White "Nie, Xinyang"]
[Black "Can, Emre"]
[Result "0-1"]
[BlackTitle "GM"]
[WhiteElo "2346"]
[BlackElo "2599"]
[WhiteFideId "8607222"]
[BlackFideId "6302181"]
[EventDate "2019.04.16"]

1. d4 g6 2. c4 Bg7 3. Nc3 c5 4. d5 d6 5. e4 Nf6 6. Be2 O-O 7. Be3 b5 8. cxb5 a6
9. a4 Qa5 10. Bd2 axb5 11. Bxb5 Na6 12. Nge2 Qb6 13. O-O Nc7 14. Bc4 Ba6 15. b3
Nd7 16. Rb1 Qa7 17. Nb5 Bxb5 18. axb5 Rfb8 19. Nc3 Bxc3 20. Bxc3 Nxb5 21. Bb2
Qb6 22. Qg4 Qd8 23. Ra1 Nd4 24. Bxd4 cxd4 25. Rad1 Ne5 26. Qh4 Nxc4 27. bxc4 e5
28. Qg3 Qc7 29. f4 Rb2 30. fxe5 dxe5 31. Kh1 Raa2 32. Rg1 Rd2 33. Rxd2 Rxd2 34.
Qb3 d3 35. Qc3 Rc2 36. Qxd3 Qxc4 37. Qf3 Rc3 38. Qf6 Qxe4 39. d6 Qf5 40. Qe7 Rd3
41. Re1 Rd5 42. h3 Kg7 43. d7 Qf2 44. Rb1 Qf6 45. Qe8 Qd6 46. Rb5 Rd1+ 47. Kh2
e4+ 48. Re5 Qc7 49. h4 Rxd7 50. h5 Rd8 51. Qe7 Qxe7 52. Rxe7 Rd4 53. hxg6 hxg6
54. Kg3 Kf6 55. Ra7 Rd2 56. Rb7 g5 57. Kh3 Ke6 58. g4 f6 59. Rb6+ Ke5 60. Kg3
Rd3+ 61. Kg2 Rd6 0-1

[Event "2nd Longtou Cup 2019"]
[Site "Qinhuangdao CHN"]
[Date "2019.04.19"]
[Round "4.7"]
[White "Oleksiyenko, Mykhaylo"]
[Black "Chen, Qi b"]
[Result "1/2-1/2"]
[WhiteTitle "GM"]
[WhiteElo "2598"]
[BlackElo "2424"]
[WhiteFideId "4152417"]
[BlackFideId "8614733"]
[EventDate "2019.04.16"]

1. e4 e5 2. Nf3 Nc6 3. Bc4 Bc5 4. c3 Nf6 5. d4 exd4 6. e5 d5 7. Bb5 Ne4 8. cxd4
Bb6 9. Nc3 Bg4 10. Be3 O-O 11. h3 Bh5 12. Qc2 Bxf3 13. gxf3 Ng5 14. O-O-O Nxf3
15. Bxc6 bxc6 16. h4 f6 17. e6 f5 18. Rh3 f4 19. Rxf3 fxe3 20. Rxe3 Qf6 21. Qa4
Qxf2 22. Re2 Qf4+ 23. Kb1 Qd6 24. e7 Qg6+ 25. Ka1 Rf5 26. Rde1 Re8 27. a3 Qd6
28. Re6 Qd7 29. R6e5 Rxe5 30. Rxe5 Rxe7 31. Rxe7 Qxe7 32. Qxc6 Qd8 33. Nxd5 Bxd4
34. Nxc7 Bf6 35. h5 Qb8 36. Nb5 h6 1/2-1/2

[Event "2nd Longtou Cup 2019"]
[Site "Qinhuangdao CHN"]
[Date "2019.04.19"]
[Round "4.8"]
[White "Chu, Wei Chao"]
[Black "Idani, Pouya"]
[Result "0-1"]
[WhiteTitle "IM"]
[BlackTitle "GM"]
[WhiteElo "2387"]
[BlackElo "2590"]
[WhiteFideId "8605661"]
[BlackFideId "12510130"]
[EventDate "2019.04.16"]

1. d4 Nf6 2. c4 e6 3. Nf3 c5 4. d5 d6 5. Nc3 exd5 6. cxd5 g6 7. e4 a6 8. a4 Bg4
9. Be2 Bxf3 10. Bxf3 Bg7 11. Bf4 O-O 12. O-O Ne8 13. Re1 Nd7 14. Be2 Rb8 15. Qc2
Qe7 16. Bf1 Nef6 17. Qd2 Rfe8 18. h3 Nh5 19. Bg5 Qf8 20. g4 h6 21. Be3 Nhf6 22.
Qc2 Ne5 23. Bg2 Nc4 24. Bc1 b5 25. axb5 axb5 26. Nxb5 Rxb5 27. Qxc4 Rb4 28. Qc2
Nxd5 29. Rd1 Nc7 30. Ra4 Reb8 31. Rxb4 Rxb4 32. b3 Ne6 33. Be3 Qb8 34. e5 Bxe5
35. Bd5 Kh7 36. Qd2 Qf8 37. Bc4 Bd4 38. Bf4 Qe7 39. Qe2 Qd7 40. Bd2 Rb8 41. Qf3
Kg7 42. Re1 Be5 43. Be3 Qe7 44. Rd1 Qf6 45. Qe4 Re8 46. Qc6 Rd8 47. Qe4 Re8 48.
Qc6 Re7 49. Kg2 Nf4+ 50. Bxf4 Qxf4 51. Qf3 Qh2+ 52. Kf1 Ra7 53. Re1 Rd7 54. Bd5
Re7 55. Re4 Rc7 56. Re2 Ra7 57. Ra2 Rc7 58. Re2 Qf4 59. Qxf4 Bxf4 60. Re4 Be5
61. f4 Bd4 62. Re8 Ra7 63. Ke2 Ra2+ 64. Kf3 Rf2+ 65. Kg3 Rd2 66. Bc4 Bf6 67. Re2
Rd4 68. Re3 d5 69. Be2 Rd2 70. Kf3 Rb2 71. Bd1 Bd4 72. Re2 Rb1 73. Bc2 Rf1+ 74.
Kg3 Kf6 75. Bd3 Rg1+ 76. Kf3 Rd1 77. Bc2 Rf1+ 78. Kg3 g5 79. fxg5+ hxg5 80. Kg2
Rg1+ 81. Kh2 Rc1 82. Kg2 Be5 83. Rd2 Ke6 84. Bf5+ Kd6 85. Be4 Bd4 86. Bf3 Rg1+
87. Kh2 Rb1 88. Rd3 Rb2+ 89. Kh1 Ke5 90. Bg2 f6 91. Rf3 Kd6 92. Bf1 Kc6 93. Rd3
Be5 94. Kg1 Bd4+ 95. Kh1 Kb6 96. Rf3 Be5 97. Rd3 Kc6 98. Kg1 c4 99. bxc4 dxc4
100. Rd1 c3 101. Bg2+ Kc5 102. Be4 Bf4 103. Rd8 Kb4 104. Rc8 Re2 105. Bg6 Kb3
106. Kf1 Rh2 107. Rc6 c2 108. Kg1 Rd2 109. Bxc2+ Rxc2 110. Rxf6 Bg3 111. Rf3+
Rc3 0-1

[Event "2nd Longtou Cup 2019"]
[Site "Qinhuangdao CHN"]
[Date "2019.04.19"]
[Round "4.10"]
[White "Fang, Yuxiang"]
[Black "Zhao, Chenxi"]
[Result "1/2-1/2"]
[WhiteTitle "GM"]
[WhiteElo "2472"]
[BlackElo "2367"]
[WhiteFideId "8605840"]
[BlackFideId "8611513"]
[EventDate "2019.04.16"]

1. Nf3 Nf6 2. c4 g6 3. Nc3 Bg7 4. e4 d6 5. d4 O-O 6. h3 c6 7. Bg5 a6 8. Bd3 b5
9. O-O Re8 10. Qe2 e5 11. dxe5 dxe5 12. b4 h6 13. Be3 Nh5 14. Rad1 Qe7 15. a3
Nf4 16. Bxf4 exf4 17. Qd2 Rd8 18. c5 Be6 19. e5 Bb3 20. Rc1 Bc4 21. Ne1 Qxe5 22.
Qc2 Bxd3 23. Nxd3 Qf5 24. Rfd1 Nd7 25. Qe2 Ne5 26. Nxe5 Qxe5 27. Rxd8+ Rxd8 28.
Qf3 Rd4 29. Ne2 Re4 30. Rc2 f5 31. Rd2 Kh7 32. Kh2 Re3 33. Qxc6 Rxe2 34. Rxe2
Qxe2 35. f3 Qe7 36. Qxa6 h5 37. Qxb5 Bd4 38. Qc4 Qe3 39. Qf7+ Kh6 40. Qf8+ Bg7
41. Qd8 Bd4 42. Qf8+ Bg7 43. Qd8 Bd4 44. Qf8+ Bg7 1/2-1/2

[Event "2nd Longtou Cup 2019"]
[Site "Qinhuangdao CHN"]
[Date "2019.04.19"]
[Round "4.11"]
[White "Lu, Shanglei"]
[Black "Li, Yunshan"]
[Result "1-0"]
[WhiteTitle "GM"]
[BlackTitle "WFM"]
[WhiteElo "2625"]
[BlackElo "2191"]
[WhiteFideId "8603332"]
[BlackFideId "8607664"]
[EventDate "2019.04.16"]

1. e4 c6 2. d3 d5 3. Nd2 e5 4. Ngf3 Bd6 5. g3 Nf6 6. Bg2 O-O 7. O-O Re8 8. b3 a5
9. Bb2 dxe4 10. dxe4 b5 11. c4 Ba6 12. c5 Bxc5 13. Nxe5 Bd4 14. Bxd4 Qxd4 15.
Nef3 Qb6 16. e5 Ng4 17. Ne4 Nxe5 18. Nd6 Nxf3+ 19. Qxf3 Rf8 20. Rad1 Ra7 21. h4
Rd7 22. Bh3 Rdd8 23. Nxf7 Rxd1 24. Rxd1 Bc8 25. Bxc8 Rxc8 26. Nh6+ Kh8 27. Qf7 1-0

[Event "2nd Longtou Cup 2019"]
[Site "Qinhuangdao CHN"]
[Date "2019.04.19"]
[Round "4.12"]
[White "Peng, Xiongjian"]
[Black "Sun, Chao"]
[Result "1/2-1/2"]
[WhiteElo "2459"]
[BlackElo "2063"]
[WhiteFideId "8610550"]
[BlackFideId "8622990"]
[EventDate "2019.04.16"]

1. d4 e6 2. c4 Nf6 3. g3 d5 4. Nf3 dxc4 5. Bg2 c5 6. O-O Nc6 7. Ne5 Bd7 8. Na3
cxd4 9. Naxc4 Rc8 10. Qb3 Nxe5 11. Nxe5 Bc6 12. Nxc6 bxc6 13. Rd1 Bc5 14. Qc4
Qb6 15. a3 Qb5 16. Qxb5 cxb5 17. Bf4 O-O 18. Bb7 Rcd8 19. Rac1 Bb6 20. Bc7 Bxc7
21. Rxc7 g6 22. Ba6 b4 23. axb4 Nd5 24. Rb7 Rd6 25. Bc4 Rc8 26. Rxd4 Rcd8 27.
Rxa7 Nxb4 28. Rf4 Rf8 29. Bxe6 Rxe6 30. Rxb4 Rxe2 31. Rbb7 Re5 32. b4 Rf5 33.
Ra2 Rd8 34. Rb2 h5 35. Kg2 Kg7 36. b5 Rdd5 37. h4 Rc5 38. b6 Rb5 39. Rxb5 Rxb5
40. Kf3 Rb2 41. Ke3 Kf6 42. Kd4 Ke6 43. f3 Rb3 44. Kc4 Rb1 45. Kc5 Rc1+ 46. Kd4
Rb1 47. Rb8 Kd6 48. b7 Ke7 49. g4 hxg4 50. fxg4 Kf6 51. h5 gxh5 52. gxh5 Kg7 53.
Ke5 Rb6 54. h6+ Kh7 55. Kd5 Rb1 1/2-1/2

[Event "2nd Longtou Cup 2019"]
[Site "Qinhuangdao CHN"]
[Date "2019.04.19"]
[Round "4.13"]
[White "Mikhalev, Dmitry"]
[Black "Ma, Lin"]
[Result "0-1"]
[WhiteTitle "FM"]
[WhiteElo "2360"]
[BlackElo "2167"]
[WhiteFideId "4183134"]
[BlackFideId "8610533"]
[EventDate "2019.04.16"]

1. d4 d5 2. c4 dxc4 3. e3 e5 4. Bxc4 exd4 5. Nf3 Bb4+ 6. Bd2 Bxd2+ 7. Qxd2 dxe3
8. Bxf7+ Ke7 9. Qxd8+ Kxd8 10. fxe3 Nf6 11. Nc3 Nc6 12. O-O-O+ Ke7 13. Bd5 Nb4
14. e4 Nbxd5 15. exd5 Rd8 16. Ne5 Bd7 17. Rhf1 Be8 18. g4 c6 19. Rde1 Kd6 20.
dxc6 bxc6 21. Rf5 Kc7 22. h3 Nd5 23. Ne4 Ne7 24. Rf2 Rd5 25. Nc3 Rdd8 26. Nf7
Rd7 27. Ng5 Nd5 28. Rf8 Nf6 29. Ne6+ Kd6 30. g5 Nd5 31. Nd4 Nxc3 32. bxc3 Rdd8
33. Nf5+ Kc5 34. Nxg7 Bd7 35. Rxd8 Rxd8 36. Rd1 Kc4 37. Kc2 c5 38. h4 Ba4+ 0-1

[Event "2nd Longtou Cup 2019"]
[Site "Qinhuangdao CHN"]
[Date "2019.04.19"]
[Round "4.14"]
[White "Wu, Wenjin"]
[Black "Li, Haoyu B."]
[Result "1-0"]
[WhiteTitle "GM"]
[WhiteElo "2345"]
[BlackElo "2095"]
[WhiteFideId "8600716"]
[BlackFideId "8610169"]
[EventDate "2019.04.16"]

1. c4 c5 2. Nf3 Nc6 3. Nc3 g6 4. e3 Nf6 5. d4 cxd4 6. exd4 d5 7. Bg5 Ne4 8. cxd5
Nxc3 9. bxc3 Qxd5 10. Qb3 Qe4+ 11. Be3 e6 12. Rd1 Bg7 13. c4 O-O 14. Bd3 Qg4 15.
O-O Qh5 16. Be4 f5 17. Bxc6 bxc6 18. Bf4 Rd8 19. Rfe1 Bd7 20. d5 Qg4 21. g3 cxd5
22. cxd5 Ba4 23. Qxa4 Qxf3 24. dxe6 Rxd1 25. Rxd1 Qe2 26. Be3 Bf6 27. Rd2 Qe1+
28. Kg2 Qb1 29. Qd7 Qe4+ 30. f3 1-0

[Event "2nd Longtou Cup 2019"]
[Site "Qinhuangdao CHN"]
[Date "2019.04.19"]
[Round "4.15"]
[White "Gu, Tianlu"]
[Black "Huang, Renjie"]
[Result "0-1"]
[WhiteTitle "WIM"]
[WhiteElo "2201"]
[BlackElo "2338"]
[WhiteFideId "8603995"]
[BlackFideId "8610134"]
[EventDate "2019.04.16"]

1. e4 c5 2. Nf3 Nc6 3. d4 cxd4 4. Nxd4 g6 5. Nc3 Bg7 6. Be3 Nf6 7. f3 O-O 8. Qd2
d5 9. exd5 Nxd5 10. Nxc6 bxc6 11. Nxd5 cxd5 12. c3 e5 13. Bc5 Re8 14. Bb5 Bd7
15. Bxd7 Qxd7 16. O-O Rac8 17. b4 a5 18. a3 Qc6 19. Rad1 axb4 20. axb4 Red8 21.
Qa2 Bf8 22. Bxf8 Kxf8 23. Rd3 Ke7 24. Rfd1 Ke6 25. Qf2 f5 26. Qh4 Rd7 27. Qe1
Ra8 28. Qe3 Ra2 29. R3d2 Rxd2 30. Qxd2 Qc4 31. Qe3 Rc7 32. Qb6+ Qc6 33. Qa5 Rd7
34. Qa3 Qb6+ 35. Kh1 Ra7 36. Qb3 Qb5 37. Kg1 Rc7 38. Qa3 Qe2 39. Qa4 Kf6 40. Qb3
d4 41. f4 Rxc3 42. fxe5+ Kg7 43. Qa4 Rc2 0-1

[Event "2nd Longtou Cup 2019"]
[Site "Qinhuangdao CHN"]
[Date "2019.04.19"]
[Round "4.17"]
[White "Tuvsanaa, Nyamaa"]
[Black "Liu, Zexu"]
[Result "1/2-1/2"]
[WhiteTitle "FM"]
[WhiteElo "2212"]
[BlackElo "2098"]
[WhiteFideId "4900413"]
[BlackFideId "8605963"]
[EventDate "2019.04.16"]

1. d4 Nf6 2. c4 g6 3. Nc3 d5 4. cxd5 Nxd5 5. Bd2 Bg7 6. e4 Nb6 7. Be3 O-O 8. h3
e5 9. dxe5 Bxe5 10. Nf3 Bg7 11. Qc2 Qe7 12. Be2 Nc6 13. O-O Be6 14. a3 Rfe8 15.
b4 Rad8 16. Rac1 Rd7 17. Nb5 h6 18. Rfd1 Red8 19. Bf4 Na8 20. Rxd7 Rxd7 21. Rd1
a6 22. Rxd7 Qxd7 23. Nc3 Nd4 24. Nxd4 Qxd4 25. Na4 Qa1+ 26. Qc1 Qa2 27. Bf3 Bd4
28. Be3 Bxe3 29. Qxe3 Qa1+ 30. Kh2 Qe5+ 31. g3 h5 32. Qa7 Nb6 33. Qb8+ Kg7 34.
Nxb6 Qf6 35. Bg2 cxb6 36. f4 Qc3 37. Qxb7 h4 38. gxh4 Qe3 39. Qc7 Bxh3 40. Bxh3
Qf2+ 41. Kh1 Qe1+ 42. Kg2 Qe2+ 43. Kg3 Qe3+ 44. Kg4 Qe2+ 45. Kg3 Qe3+ 46. Kg2
Qe2+ 1/2-1/2

[Event "2nd Longtou Cup 2019"]
[Site "Qinhuangdao CHN"]
[Date "2019.04.19"]
[Round "4.18"]
[White "Li, Guohao"]
[Black "Otgonjargal, Sengeravdan"]
[Result "0-1"]
[BlackTitle "WIM"]
[WhiteElo "2098"]
[BlackElo "2162"]
[WhiteFideId "8619999"]
[BlackFideId "4900790"]
[EventDate "2019.04.16"]

1. d4 d6 2. c4 e5 3. Nf3 e4 4. Nfd2 f5 5. Nc3 Nf6 6. e3 Nc6 7. f3 Qe7 8. Be2
exf3 9. Nxf3 g6 10. d5 Nd8 11. O-O Bh6 12. Qd3 O-O 13. Re1 Nf7 14. Bd1 Ne4 15.
Bc2 Re8 16. a4 a6 17. Ra3 Bd7 18. b4 a5 19. b5 Bg7 20. Bb2 Ne5 21. Qe2 Nc5 22.
Ba1 f4 23. Nxe5 Bxe5 24. Nd1 Qg5 25. e4 f3 26. Qf2 fxg2 27. Qxg2 Bxh2+ 28. Kxh2
Qh4+ 29. Kg1 Qxe1+ 30. Kh2 Nxe4 31. Re3 Qh4+ 32. Kg1 Ng5 0-1

[Event "2nd Longtou Cup 2019"]
[Site "Qinhuangdao CHN"]
[Date "2019.04.19"]
[Round "4.19"]
[White "Chen, KaiLin"]
[Black "Kirienko, Vladimir"]
[Result "1/2-1/2"]
[WhiteElo "2073"]
[BlackElo "2100"]
[WhiteFideId "8620954"]
[BlackFideId "54197457"]
[EventDate "2019.04.16"]

1. e4 c5 2. Nf3 d6 3. d4 cxd4 4. Nxd4 Nf6 5. Nc3 a6 6. g3 e5 7. Nde2 Be7 8. Bg2
Nbd7 9. a4 b6 10. Nd5 Nxd5 11. Qxd5 Rb8 12. Be3 O-O 13. O-O Nf6 14. Qd3 h6 15.
c4 Bb7 16. h3 Nd7 17. g4 Nc5 18. Qc2 a5 19. Ng3 Bg5 20. f4 exf4 21. Bxf4 Bxf4
22. Rxf4 g6 23. Ne2 1/2-1/2